000
00284nam a2200109Ia 4500
008
220204s9999 xx 000 0 und d
082
_a
037
_b
BAC
100
_a
Bacon, Francis
245
0
_a
Advancement of learning: Novum organum
260
_a
Chicago
_b
William Benton
_c
1952
942
_c
BK
999
_c
36157
_d
36157